| 000 | 00598nam a2200193 4500 | ||
|---|---|---|---|
| 001 | 119657 | ||
| 003 | ES-MaACL | ||
| 005 | 20230906191352.0 | ||
| 007 | t| | ||
| 008 | 070214s1966 sp r ||||1| spa d | ||
| 100 | 1 |
_aPérez Núñez, Pedro. _991054 |
|
| 245 | 1 | 3 |
_aEl misterio de María / _cPedro Pérez Núñez. |
| 260 |
_aMadrid : _bPropaganda Popular Católica, _c1966. |
||
| 300 |
_a224 p. ; _c19 cm. |
||
| 490 | 1 |
_aColección de `Pastoral aplicada` ; _v38 |
|
| 830 | 0 |
_aColección de `Pastoral aplicada` ; _v38 _9187240 |
|
| 852 |
_aES-MaACL _jC-30441 _bR.70034 |
||
| 999 |
_c119657 _d119657 |
||